le XVIIe siècle en 15 dates - Statistiques

Statistiques générales
  • Ce quiz a été pris 36 fois
  • Le résultat moyen est 4 sur 15
Statistiques - réponses
évènements dates % Correct
début du règne de Louis XIV 1643
83%
guerre de Trente Ans (début-fin) 1618-1648
77%
assassinat d'Henri IV 1610
67%
révocation de l'édit de Nantes 1685
60%
incendie de Londres 1666
37%
procès de Galilée 1633
13%
guerre de la Ligue d'Augsbourg (début-fin) 1688-1697
13%
fin de la dynastie Ming en Chine 1644
10%
restauration anglaise 1660
10%
arrivée du Mayflower en Amérique 1620
7%
publication de Principa Mathematica de Newton 1687
7%
guerre civile britannique (début-fin) 1642-1649
3%
début du règne de Pierre le Grand en Russie 1682
3%
siège de Vienne 1683
3%
extinction du dodo 1693
3%
Aucun quiz correspondant
Distribution des résultats
% des personnes avec chaque résultat
Percentile par nombre de réponses
Votre historique - résultats
Vous n’avez pas pris ce quiz